Statistics for 漁業気象通報の観測地点

Click here to take the quiz!

General Stats

  • This quiz has been taken 12 times
  • The average score is 37 of 54

Answer Stats

Answer% Correct
根室
100%
稚内
100%
那覇
100%
鹿児島
100%
函館
100%
宮古
100%
潮岬
88%
秋田
88%
輪島
88%
銚子
88%
御前崎
88%
石垣島
88%
浜田
88%
南大東島
88%
名瀬
88%
厳原
88%
大阪
75%
上海
75%
チェジュ島
75%
北京
75%
青島
75%
福江
75%
仙台
75%
香港
75%
小名浜
75%
父島
75%
松山
75%
大島
75%
南鳥島
75%
プサン
63%
マニラ
63%
台北
63%
モッポ
63%
ウラジオストク
63%
ソウル
63%
セベロクリリスク
63%
八丈島
63%
室戸岬
63%
富士山
63%
ハバロフスク
63%
ルドナヤプリスタニ
63%
長春
50%
大連
50%
ウルルン島
50%
足摺岬
50%
武漢
50%
前橋
50%
浦河
50%
アモイ
38%
相川
38%
西郷
38%
恒春
25%
ポロナイスク
25%
バスコ
25%

Score Distribution

Percentile by Number Answered

Percent of People with Each Score

Your Score History

You have not taken this quiz